Регионална библиотека "Любен Каравелов" - Русе

Хоризонт (Запис номер 381555)

MARC детайли
000 -Лидер
Контролно поле с фиксирана дължина 03542nam a2200541 c 4500
003 - Код на организацията, давaща контролен номер
Контролно поле BLK
005 - Дата и час на последна редакция
Контролно поле 20240429142901.0
008 - Елементи от данни с фиксирана дължина
fixed length control field 200311b bul|||||r ||||||| ||bul||
010 ## - Наследен системен номер
LC control number KNG00036265RET
040 ## - Източник на каталожния запис
Идентификатор на билиотеката - собственик на записа BLK
041 ## - Код за език
Код за езика на текст/звукозапис или на отделно заглавие Български
Код за езика КДБФ Български
080 ## - УДК
Текстов определител УДК Сборници със стихове. Алманаси
УДК код - определител по УДК 82-194
УДК - код + определител 82-194
139 ## - Редно поле
Редна дума Хоризонт
245 10 - Сведения за заглавието
Заглавие Хоризонт
Подзаглавни данни сб. от стихове
Редно поле (дума) съавт. Борис Вулжев; ред. кол. Георги Черняков; Кирил Борисов; Кирил Борисов Николов; Матей Любенов Шопкин; Стефан Енчев; Георги Константинов; Д. Арабаджиев; Иван Цанев; Иван Вълев; Йордан Милев; Йордан Янков; Лъчезар Еленков; Недялко Асенов Йорданов; Николай Заяков; Петко Братинов; Петко Кицов; Петър Парижков; Стойчо Стойчев; Симеон Стоянов; Христо Банковски.
257 ## - Страна на издаване
Страна на създаване/издаване България
260 ## - Област на издателските данни
Място на издаване, разпространение и проч. София
Име на издателя, разпространителя и проч. Студентски дом на културата
Година на издаване 1957
300 ## - Физическа характеристика
Страници 35 с.
Размери/Мащаб 18 см
380 ## - Жанр
Жанр Худож. лит.
500 ## - Общи забележки
Забележка други авт. : Г. Константинов, Д. Арабаджиев, Ив. Цанев, Ив. Вълев, Й. Милев, Й. Янков, К. Борисов, Л. Еленков, М. Шопкин, Н. Йорданов, Н. Заяков, П. Братинов, П. Кицов, П. Парижков, Ст. Стойчев, С. Стоянов, Хр. Банковски ; Пълното име на авт. К. Борисов е Кирил Борисов Николов ; Други ред. : М. Шопкин, Ст. Енчев. Изд. на Студентския дом на културата. Лит. кабинет Д. Дебелянов. 500 тир.
653 #0 - Ключова дума – ненормативна
Ключова дума стихове
9 (RLIN) 390536
700 1# - Други автори (авторска отговорност)
Лично име Вулжев, Борис
Автороска отговорност (Описва отношението между автора и произведението) съавт.
9 (RLIN) 426518
700 1# - Други автори (авторска отговорност)
Лично име Черняков, Георги Петров
Дати, свързани с автора 1932 - 2012
Друга информация Филолог, литературен критик.
Автороска отговорност (Описва отношението между автора и произведението) ред. кол.
9 (RLIN) 141597
700 1# - Други автори (авторска отговорност)
Лично име Борисов, Кирил
9 (RLIN) 426519
700 1# - Други автори (авторска отговорност)
Лично име Николов, Кирил Борисов
9 (RLIN) 426520
700 1# - Други автори (авторска отговорност)
Лично име Шопкин, Матей Любенов
9 (RLIN) 426521
700 1# - Други автори (авторска отговорност)
Лично име Енчев, Стефан
9 (RLIN) 426522
700 1# - Други автори (авторска отговорност)
Лично име Константинов, Георги
9 (RLIN) 390035
700 1# - Други автори (авторска отговорност)
Лично име Арабаджиев, Д.
9 (RLIN) 426524
700 ## - Други автори (авторска отговорност)
Лично име Цанев, Иван
Дати, свързани с автора 1941-
Друга информация Поет. Литературовед. Преводач от гръцки и унгарски език.
Пълна форма на името Иванов, Иван Цанев
9 (RLIN) 292602
700 1# - Други автори (авторска отговорност)
Лично име Вълев, Иван
9 (RLIN) 426526
700 1# - Други автори (авторска отговорност)
Лично име Милев, Йордан
9 (RLIN) 426527
700 1# - Други автори (авторска отговорност)
Лично име Янков, Йордан
9 (RLIN) 426528
700 1# - Други автори (авторска отговорност)
Лично име Еленков, Лъчезар
9 (RLIN) 426529
700 1# - Други автори (авторска отговорност)
Лично име Йорданов, Недялко Асенов
9 (RLIN) 426530
700 1# - Други автори (авторска отговорност)
Лично име Заяков, Николай
9 (RLIN) 426531
700 1# - Други автори (авторска отговорност)
Лично име Братинов, Петко
9 (RLIN) 426532
700 1# - Други автори (авторска отговорност)
Лично име Кицов, Петко
9 (RLIN) 426533
700 1# - Други автори (авторска отговорност)
Лично име Парижков, Петър
9 (RLIN) 106756
700 1# - Други автори (авторска отговорност)
Лично име Стойчев, Стойчо
9 (RLIN) 426534
700 1# - Други автори (авторска отговорност)
Лично име Стоянов, Симеон
9 (RLIN) 426535
700 1# - Други автори (авторска отговорност)
Лично име Банковски, Христо
9 (RLIN) 426536
852 ## - Местоположение
Форматна сигнатура Цб І 10120
856 4# - Електронен адрес и достъп
Електронен формат pdf - файл
Път до файла /url/
856 4# - Електронен адрес и достъп
Електронен формат pdf - файл
Път до файла /url/
999 ## - СИСТЕМНИ КОНТРОЛНИ НОМЕРА
Koha biblionumber 381555
Koha biblioitemnumber 381555
942 ## - АРТИКУЛИ
Вид на библиотечния материал Книги
Скрит в OPAC Не
Периодичен библиозапис Да
944 ## - СЪЗДАВАНЕ И РЕДАКЦИЯ на ЗАПИСА
Създаване/Редакция Създаване
Дата на регистрацията/редакция 2020-08-12
Служител, извършил регистрацията/редакцията 30560
Статус, дата на статуса Геновева Генчева
999 ## - СИСТЕМНИ КОНТРОЛНИ НОМЕРА
Koha biblioitemnumber 366929

Няма налични копия.

Vip Innovations Ltd, Rousse, Bulgaria 2025